000 00704nam a22002297a 4500
005 20170124110035.0
010 _aA-245058
020 _c00.00
035 _aA-245058
037 _bCen Lib/Ret
040 _aDPL
_bEN
082 _a335.0954
_bSIN
100 _aSingh, Usha
_922572
245 _aEconomic thought of Indian socialists /
_cby Usha Singh
260 _aNew Delhi
_bDeep and Deep Publications
_c1985
270 _bNew Delhi
_aF-159, Rajouri Garden
_e110027
300 _a260p.
_c22cm(Hb)
500 _aIncludes bibliographical references and index
650 _aSocialism -- India
_921826
650 _aSocialists -- India
_922573
942 _2ddc
_cEN
_h335.0954
_mSIN
999 _c128163
_d128163